İyi İnsan ve İyi Etiğe giriş / (Kayıt no. 10035)

MARC ayrıntıları
000 -BAŞLIK
Sabit Uzunluktaki Kontrol Alanı 00607nam a22002057a 4500
003 - KONTROL NUMARASI KİMLİĞİ
Kontrol Alanı KOHA_MİRAKIL
005 - EN SON İŞLEM TARİHİ ve ZAMANI
Kontrol Alanı 20260330105802.0
008 - SABİT UZUNLUKTAKİ VERİ ÖGELERİ - GENEL BİLGİ
Sabit Alan 260325b tu ||||| |||| 00| 0 tur d
020 ## - ISBN - ULUSLARARASI STANDART KİTAP NUMARASI
Isbn 9786257163279
040 ## - KATALOGLAMA KAYNAĞI
Özgün Kataloglama Kurumu TR-AnABB
Kataloglama Dili tur
Çeviri Kurumu TR-AnABB
041 ## - DİL KODU
Metin ya da ses kaydının dil kodu tur
082 ## - DEWEY ONU SINIFLAMA SİSTEMİ
Sınıflama Numarası 174.3
Cutter numarası CAL 2021
100 1# - KİŞİ ADI
Yazar Adı (Kişi adı) Calkıngs, Mary Whıton
245 10 - ESER ADI BİLDİRİMİ
Başlık İyi İnsan ve İyi Etiğe giriş /
Sorumluluk Bildirimi Mary Whıton Calkıngs; Türkçesi: Tamer Çetin
260 ## - YAYIN, DAĞITIM, VB.
Yayın Yeri İzmir:
Yayınevi Cem Yayınevi ,
Yayın Tarihi 2021
300 ## - FİZİKSEL TANIMLAMA
Sayfa, Cilt vb. 144 sayfa :
Boyutları 20 cm
650 04 - KONU BAŞLIĞI EK GİRİŞ - KONU TERİMİ
Konusal terim veya coğrafi ad Etik
900 ## - YEREL BİLGİ
Kontrol Can ÇELIK
942 ## - EK GİRİŞ ÖGELERİ (KOHA)
Sınıflama Kaynağı Dewey Decimal Classification
Materyal Türü Kitap
Mevcut
Geri Çekilme Durumu Kayıp Durumu Sınıflandırma Kaynağı Kredi için değil Kalıcı Konum Mevcut Konum Kayıt Tarih Toplam Ödünçverme Yer Numarası Demirbaş Numarası Son Görülme Tarihi Fatura Tarihi Materyal Türü
    Dewey Decimal Classification   Prof. Dr. Ruşen Keleş Kütüphanesi Prof. Dr. Ruşen Keleş Kütüphanesi 25/03/2026   174.3 CAL 2021 RK1052 25/03/2026 25/03/2026 Kitap